000 00859nam a2200253 a 4500
001 BRL_617
005 20190320210825.0
008 100913s1963----sp-a######---#000-0#spa-#
041 _aspa
044 _asp
050 4 _aRC349
_b.F57 1963
100 1 _aFischgol, H.
_924439
245 1 0 _aCómo interpretar un electroencefalograma
_cDr. H. Fischgold, C. Dreyfus-Brisac ; Traducción, Revisión y Prólogo del Prof. Dr. Abraham Mosovich
260 _aBarcelona
_bEdiciones Daimon-Manuel Tamayo
_c1963
300 _a179 p.
_bil.
_c16 p.
440 0 _aColección Medica Internacional
_v13
_924440
500 _aAu677
500 _aTraducción de: Savoir interpréter un electroencéphalogramme
650 1 4 _aElectroencefalograma
_924441
700 1 _aDreyfus-Brisac, C.
_924442
700 1 _aMosovich, Abraham
_etr.
_924443
902 _aGRL
942 _2lcc
_cB
999 _c9429
_d9429